000 00604nam a2200169 a 4500
001 000038845
005 20201002031407.0
008 130430s1999 dr 000 0 spa d
040 _aDO-SdBNP
_bspa
_cBNPHU
100 1 _aOviedo, José
_92671
245 1 0 _aCabeza de medusa :
_bpartidos politícos, democracia y clientelismo /
_cJosé Oviedo.
260 _aSanto Domingo :
_bPontificia Universidad Católica Madre y Maestra,
_c1999.
300 _a39 p. ;
_c22 cm.
490 1 _aEducación Ciudadana
_vno. 19
500 _aIncluye notas al pie de las páginas
830 0 _aEducación Ciudadana
_nno. 19
_965129
999 _c38335
_d38335